| 000 | 00633nam a22002057a 4500 | ||
|---|---|---|---|
| 005 | 20171129140749.0 | ||
| 010 | _a1718EN-30 ENG-121666 | ||
| 020 |
_a9789386367679 _c695.00 |
||
| 035 | _aEN-105198 | ||
| 037 |
_bAlpna Edition _adpl |
||
| 037 | _bDBAD/PUB | ||
| 082 | _aS | ||
| 100 | _aNeilson, William Allan | ||
| 245 |
_aThe junior classics : _cby William Allan Neilson _bfairy and wonder tales / |
||
| 260 |
_aNew Delhi _bAlpna Edition _c2017 |
||
| 270 |
_a2/41, Ansari Road, Darya Ganj, _bNew Delhi _e110002 |
||
| 300 |
_a436p. _c23cm(pbk) |
||
| 942 |
_2ddc _cEN _mNEI _hS |
||
| 999 |
_c145336 _d145336 |
||